书目信息 |
| 题名: |
地质制图与识图
|
|
| 作者: | 韩丛发 , 张振文 主编 | |
| 分册: | ||
| 出版信息: | 徐州 中国矿业大学出版社 2007.08 |
|
| 页数: | 305页 | |
| 开本: | 26cm | |
| 丛书名: | ||
| 单 册: | ||
| 中图分类: | P285.1 | |
| 科图分类: | ||
| 主题词: | 地质图--di zhi tu--地图制图学--高等学校--教材 | |
| 电子资源: | ||
| ISBN: | 978-7-81107-700-1 | |
| 000 | 00960nam0 2200265 450 | |
| 001 | 012009806140 | |
| 005 | 20090420142417.42 | |
| 010 | @a978-7-81107-700-1@dCNY29.80 | |
| 100 | @a20090420d2007 em y0chi0120 ea | |
| 101 | 0 | @achi |
| 102 | @aCN@b320000 | |
| 105 | @aa a 000yy | |
| 106 | @ar | |
| 200 | 1 | @a地质制图与识图@Adi zhi zhi tu yu shi tu@f韩丛发, 张振文主编@Fhan cong fa,zhang zhen wen zhu bian |
| 210 | @a徐州@c中国矿业大学出版社@d2007.08 | |
| 215 | @a305页@c图@d26cm | |
| 300 | @a高等学校“十一五”规划教材 | |
| 320 | @a有书目 (第304-305页) | |
| 330 | @a本书内容分三部分,介绍了地质素描、地(形)图基本知识和地质图的基本知识,以及为矿山专门地质图等。阐述了各类基础地质图件的生成、转绘、绘制方法等。 | |
| 606 | 0 | @a地质图@Adi zhi tu@x地图制图学@x高等学校@j教材 |
| 690 | @aP285.1@v4 | |
| 701 | 0 | @a韩丛发@Ahan cong fa@4主编 |
| 701 | 0 | @a张振文@Azhang zhen wen@4主编 |
| 801 | 0 | @aCN@bQSSK@c20090420 |
| 905 | @b737858-60@dP285.1@eH071@f3 | |
| 地质制图与识图/韩丛发, 张振文主编.-徐州:中国矿业大学出版社,2007.08 |
| 305页:图;26cm |
| 高等学校“十一五”规划教材 |
| ISBN 978-7-81107-700-1:CNY29.80 |
| 本书内容分三部分,介绍了地质素描、地(形)图基本知识和地质图的基本知识,以及为矿山专门地质图等。阐述了各类基础地质图件的生成、转绘、绘制方法等。 |
| ● |
| 相关链接 |
|
|
|
正题名:地质制图与识图
索取号:P285.1/H071
 
预约/预借
| 序号 | 登录号 | 条形码 | 馆藏地/架位号 | 状态 | 备注 |
| 1 | 737858 | 207378586 | 社科二线400B/400B社科库 2排1列6层/ [索取号:P285.1/H071] | 在馆 | |
| 2 | 737859 | 207378595 | 社科二线400B/400B社科库 2排1列6层/ [索取号:P285.1/H071] | 在馆 | |
| 3 | 737860 | 207378602 | 自科库401/401自科库 125排2列3层/ [索取号:P285.1/H071] | 在馆 |